00572nam a2200205 a 450000100060000000300080000600500170001400800410003103500190007203500140009104000290010504100080013408200130014210000400015524500650019526000320026030000200029249000340031265000200034622922BD-RjUL20211209000854.0140309s1906 uk 000 0 eng d a(BD-RjUL)22987 a(BD-RjUL) aQTLNbengcQTLNdBD-RjUL aeng a823bPRL1 aProcter, Adelaide Anne,d1825-1864.10aLegends and lyrics and other poems /cAdelaide Anne Procter. aLondon :bJ.M. Dent,c1906. a332 p. ;c18cm.0 aEveryman's library ;vno. 150 aEnglish fiction